Vplyv vzdialenosti žiaroviek na iniciáciu horenia drevného prachu

Salvato in:
Dettagli Bibliografici
Autore principale: Kolčák, Matej (Autore)
Altri autori: Rantuch, Peter (Relatore della tesi)
Natura: Manoscritto Libro
Lingua:slovacco
Pubblicazione: 2016
Soggetti:
Accesso online:http://is.stuba.sk/zp/portal_zp.pl?podrobnosti=118452
Tags: Aggiungi Tag
Nessun Tag, puoi essere il primo ad aggiungerne!!

MARC

LEADER 00000ntm a22000003a 4500
001 stuzp58117
003 SK-STU
005 20160719155453.9
007 ta
008 150427s2015----xo-----f-mn---000-0-slo-d
040 |a STU  |b slo 
041 0 |a slo 
100 1 |a Kolčák, Matej  |u 065000  |4 aut  |U MTF Materiálovotechnologická fakulta  |T MTF Ústav integrovanej bezpečnosti  |X 6643  |U M5000  |Y 85  |7 6643 
242 0 1 |a The influence of lightbulbs distance on the ignition of wood dust  |y eng 
245 1 0 |a Vplyv vzdialenosti žiaroviek na iniciáciu horenia drevného prachu 
260 |c 2016 
650 4 |a iniciácia  |2 slo 
650 4 |a žiarovka  |2 slo 
650 4 |a horenie  |2 slo 
650 4 |a ignition  |2 eng 
650 4 |a lightbulb  |2 eng 
650 4 |a burning  |2 eng 
700 1 |a Rantuch, Peter  |u 065000  |k Z2  |4 ths  |U MTF Materiálovotechnologická fakulta  |T MTF Ústav integrovanej bezpečnosti  |X 70853  |U M5000  |Y 85  |7 A000070853 
856 4 |u http://is.stuba.sk/zp/portal_zp.pl?podrobnosti=118452 
996 |c M* DP-12614  |l MMSKP  |s P  |a 0  |w stuzp58117_0001 
SQL |a stuzp58117  |b DDP  |c SLO  |d Vplyv vzdialenosti žiaroviek na iniciáciu horenia drevného prachu  |e 6643  |f Kolčák, Matej  |g 065000  |h 70853  |i Rantuch, Peter  |j 20160601  |k 670  |l 06  |m http://is.stuba.sk/zp/portal_zp.pl?podrobnosti=118452  |n I-IBE  |o 8.3.5. bezpečnosť a ochrana zdravia pri práci